000 00208nam a22000857a 4500
008 161212b xxu||||| |||| 00| 0 eng d
100 _91997
_aCBSE
245 _aChemistry-XII Q.P.
260 _aNew Delhi
_bSatish
_c2011
999 _c4837
_d4837